ロゴを見て日本のブランド名を当てよう - Statistics

General Stats
  • This quiz has been taken 10 times
  • The average score is 11 of 16
Answer Stats
Picture Hint Answer % Correct
自動車メーカー ホンダ
100%
自動車メーカー トヨタ
100%
アパレル会社 ユニクロ
100%
モビリティメーカー スズキ
90%
楽器・オートバイメーカー ヤマハ
90%
航空会社 日本航空
90%
モビリティメーカー 三菱
80%
コマース企業 クロネコヤマト
80%
自動車メーカー スバル
80%
ソフトウェア販売代理店 ソフトバンク
80%
自動車メーカー 日産
70%
エンターテインメント ハローキティ
70%
履物 アシックス
70%
ビデオゲーム会社 任天堂
30%
エンターテインメント・制作 東宝アニメーション
0%
アパレル会社 コム デ ギャルソン
0%
No matching quizzes found
Score Distribution
Percent of People with Each Score
Percentile by Number Answered
Your Score History
You have not taken this quiz